Fairy tales / (Record no. 75910)

MARC details
000 -LEADER
campo de control de longitud fija 00581nam a2200181 i 4500
001 - NÚMERO DE CONTROL
campo de control 75910
003 - IDENTIFICADOR DE NÚMERO DE CONTROL
campo de control ES-MaACL
005 - FECHA Y HORA DE LA ÚLTIMA TRANSACCIÓN
campo de control 20230906172641.0
007 - CAMPO FIJO DE DESCRIPCIÓN FÍSICA--INFORMACIÓN GENERAL
campo de control de longitud fija t|
008 - DATOS DE LONGITUD FIJA--INFORMACIÓN GENERAL
campo de control de longitud fija 040928q1920 xxk ||||1| eng d
100 1# - ENTRADA PRINCIPAL--NOMBRE DE PERSONA
Nombre de persona Grimm, Jacob (
Fechas asociadas al nombre 1785-1863)
9 (RLIN) 60060
245 10 - MENCIÓN DEL TÍTULO
Título Fairy tales /
Mención de responsabilidad, etc. Jakob Ludwig Karl Grimm ; with four full-page illustrations by Mabel Lucie Outtwell.
260 ## - PUBLICACIÓN, DISTRIBUCIÓN, ETC.
Lugar de publicación, distribución, etc. London :
Nombre del editor, distribuidor, etc. Cassell and Company,
Fecha de publicación, distribución, etc. [1920?]
300 ## - DESCRIPCIÓN FÍSICA
Extensión 409 p. ;
Dimensiones 19 cm.
700 1# - ENTRADA AGREGADA--NOMBRE PERSONAL
Nombre de persona Attwell, Mabel Lucie.
9 (RLIN) 23776
700 1# - ENTRADA AGREGADA--NOMBRE PERSONAL
Nombre de persona Grimm, Wilhelm (
Fechas asociadas al nombre 1786-1859)
9 (RLIN) 168467
852 ## - LOCALIZACIÓN
Ubicación ES-MaACL
Número de control de estantería C-1386
Holdings
Estatus retirado Estado de pérdida Estado de daño No para préstamo Biblioteca de origen Biblioteca actual Ubicación en estantería Fecha de adquisición Fuente de adquisición Total de préstamos Signatura topográfica completa Código de barras Visto por última vez Precio de reemplazo Tipo de ítem Koha
        Biblioteca del Ateneo de Madrid Biblioteca del Ateneo de Madrid Sala Palomar 17/01/2008     C-1386 1079448 23/02/2023 23/02/2023 Libro impreso